Historical thesaurus of the Oxford English dictionary : (رقم التسجيلة. 19625)
[ عرض عادي ]
| 000 -الفاتح | |
|---|---|
| حقل البيانات ثابتة الطول | 01315cam a2200289 a 4500 |
| 001 - رقم الضبط | |
| رقم الضبط | 15870568 |
| 003 - محدد رقم الضبط | |
| رقم الضبط | OSt |
| 005 - وقت وتاريخ اخر تعامل مع التسجيلة | |
| رقم الضبط | 20150408113957.0 |
| 008 - عناصر البيانات ثابتة الطول - معلومات عامة | |
| حقل البيانات ثابتة الطول | 111213s2009 nyu b 001 0 eng |
| 020 ## - الرقم الدولى المعيارى للكتب | |
| الرقم الدولى المعيارى للكتاب | 9780199208999 (case) |
| 040 ## - مصدر الفهرسة | |
| وكالة الفهرسة الأصلية | DLC |
| وكالة النسخ | MU |
| 050 00 - رقم طلب مكتبة الكونجرس | |
| رقم التصنيف | PE1591 |
| رقم المادة | .H55 2009 |
| 082 ## - رقم تصنيف ديوى العشرى | |
| رقم الطبعة | 21 |
| رقم التصنيف | 423.1 |
| رقم المادة | H I T |
| 245 00 - بيان العنوان | |
| العنوان | Historical thesaurus of the Oxford English dictionary : |
| بقية العنوان | with additional material from "A Thesaurus of Old English" / |
| بيان المسئوليه,etc | [edited by] Christian Kay... [et al.]. |
| 260 ## - PUBLICATION, DISTRIBUTION, ETC. (IMPRINT) | |
| مكان الناشر او الموزع | Oxford ; |
| -- | New York : |
| اسم الناشر او الموزع | Oxford University Press, |
| تاريخ النشر أو التوزيع | c2009. |
| 300 ## - الوصف المادى | |
| التعداد | 2 v. ; |
| أبعاد الوعاء | 29 cm. |
| 504 ## - تبصرة ببليوجرافية | |
| تبصرة ببليوجرافية,الخ | Includes bibliographical references and index. |
| 505 0# - تبصرة محتويات-الفهرس | |
| تبصرة المحتويات المصاغة | v. 1. Thesaurus -- v. 2. Index. |
| 650 #0 - المدخل الاضافى بالموضوع-مصطلح موضوعى | |
| مصطلح موضوعي أو اسم جغرافي كعنصر مدخل | English language |
| التقسيم الفرعي العام | Synonyms and antonyms |
| التقسيم الفرعي الشكلي | Dictionaries. |
| 9 (RLIN) | 8047 |
| 650 #0 - المدخل الاضافى بالموضوع-مصطلح موضوعى | |
| مصطلح موضوعي أو اسم جغرافي كعنصر مدخل | English language |
| التقسيم الفرعي العام | Synonyms and antonyms |
| -- | History |
| التقسيم الفرعي الشكلي | Dictionaries. |
| 9 (RLIN) | 8048 |
| 700 1# - المدخل الاضافى - اسم شخصى | |
| الإسم الشخصى | Kay, Christian. |
| 9 (RLIN) | 8049 |
| 700 12 - المدخل الاضافى - اسم شخصى | |
| الإسم الشخصى | Kay, Christian. |
| عنوان العمل | Thesaurus of Old English. |
| 9 (RLIN) | 8050 |
| 740 0# - المدخل الاضافى - عنوان مرتبط/تحليلى غير مقيد | |
| العنوان التحليلي/ الرابط غير مقيد | Oxford English dictionary. |
| 906 ## - عنصر بيانات محلى F, LDF (RLIN) | |
| a | 7 |
| b | cbc |
| c | orignew |
| d | 2 |
| e | epcn |
| f | 20 |
| g | y-gencatlg |
| 942 ## - عناصر المدخل الإضافي( كوها) | |
| مصدر التصنيف او مخطط الترفيف | Dewey Decimal Classification |
| Koha [default] item type | DVD |
| حالة الفقد | نموذج السعر الفعال | حالة تلف | ليس للاعارة | رقم الطلب | رقم النسخة | تاريخ الاكتساب | الموقع الحالي | الباركود | الفرع الرئيسي | Date last seen | نوع المادة فى نظام كوها | مصدر التصنيف او خطة الترفيف | Total Checkouts |
|---|---|---|---|---|---|---|---|---|---|---|---|---|---|
| 2013-03-10 | 423.1 H I T | n 1 vol 1 | 2011-12-13 | قسم الاجراءات الفنية (IC) | 00100821 | قسم الاجراءات الفنية (IC) | 2013-03-10 | كتب مرجعية | Dewey Decimal Classification | ||||
| 2013-03-10 | 423.1 H I T | n 1 vol 2 | 2011-12-13 | قسم الاجراءات الفنية (IC) | 00100820 | قسم الاجراءات الفنية (IC) | 2013-03-10 | كتب مرجعية | Dewey Decimal Classification | ||||
| 2013-03-10 | 423.1 H I T | n 2 vol 1 | 2011-12-13 | قسم الاجراءات الفنية (IC) | 00100819 | قسم الاجراءات الفنية (IC) | 2013-03-10 | كتب مرجعية | Dewey Decimal Classification | ||||
| 2013-03-10 | 423.1 H I T | n 2 vol 2 | 2011-12-13 | قسم الاجراءات الفنية (IC) | 00100818 | قسم الاجراءات الفنية (IC) | 2013-03-10 | كتب مرجعية | Dewey Decimal Classification |
